Top 15 mejores tenistas en 2025 según el ranking - Estadísticas

Estadísticas generales
  • Esta prueba ha sido intentada 138 veces
  • La puntuación promedio es 11 de 15
Estadísticas de respuestas
Hint Respuesta % Correcto
Spain Carlos Alcaraz
100%
Serbia Novak Djokovic
95%
Italy Jannik Sinner
93%
Germany alexander zverev
88%
Rusia Daniil Medvedev
82%
Australia Álex de Miñaur
73%
Italy Lorenzo Musetti
73%
EE.UU Taylor Fritz
69%
EE.UU Ben Shelton
68%
Norway Casper Ruud
67%
Denmark Holger Rune
61%
England Jack Draper
55%
Canada Félix Auger-Aliassime
51%
Spain Alejandro Davidovich Fokina
50%
Uzbekistan Alexander Bublik
37%
No se encontraron pruebas coincidentes
Distribución de puntuación
Porcentaje de gente con cada puntuación
Porcentaje por número respondido
Historial de tus puntuaciones
No has intentado esta prueba.